000 00656nam a2200289Ia 4500
008 210210b2006 xxu||||| |||| 00| 0 eng d
020 _a0 415 32321 5
041 _aeng
082 _a954.035 MALC
100 _aMALLAMPALLI (Chandra)
245 _aChristians and public life in colonial South India 1863 - 1937
260 _aLondon
_b-
_c2006
300 _axiv---305
650 _aSouth
650 _apublic
650 _alife
650 _aIndia
650 _ain
650 _acolonial
650 _aChristians
650 _aand
650 _a1937
650 _a1863
650 _a-
690 _aIndian History
906 _a063272
999 _c135506
_d135506